|
|
|
|
| LEADER |
00590nam a22001931a 4500 |
| 020 |
|
|
|a 9788171308514
|c 0.00
|
| 040 |
|
|
|a SSUS - Library - Kalady
|
| 082 |
|
|
|a M3
|b GEO/U
|
| 100 |
|
|
|a George Onakkoor
|
| 245 |
|
|
|a Ulkkadal
|h [Text]
|
| 260 |
|
|
|a Kottayam
|b D C Books
|c 1998
|
| 300 |
|
|
|a 183p.
|
| 600 |
|
|
|a Literature
|
| 600 |
|
|
|a Literature Malayalam
|
| 600 |
|
|
|a Novel Malayalam
|
| 852 |
|
|
|h M3
|i GEO/U
|p 063270
|9 95.00
|t 0
|
| 942 |
|
|
|c BK
|
| 999 |
|
|
|c 47967
|d 47967
|
| 952 |
|
|
|0 0
|1 0
|4 0
|6 M_3_000000000000000_GEO_U
|7 0
|9 69476
|a SSUS
|b SSUS
|d 2015-01-08
|g 95.00
|o M3 GEO/U
|p 063270
|r 2016-09-05
|v 0.00
|w 2015-01-08
|y BK
|